| 000 | 00862nam a22002057a 4500 | ||
|---|---|---|---|
| 005 | 20240403122009.0 | ||
| 010 | _aHIN-127252 | ||
| 020 |
_a9789392573101 _c400.00 |
||
| 035 | _aHN-99598 | ||
| 037 | _bDBAD/PUB. | ||
| 082 | _a500 | ||
| 100 |
_aओझा,डी.सी _964272 |
||
| 245 |
_aप्राचीन भारत में विज्ञानं/ _cडी.सी ओझा और रवीन्द्र कुमार |
||
| 250 | _a1 | ||
| 260 |
_a दिल्ली _bसत्साहित्य प्रकाशन _c2022 |
||
| 270 |
_a694 पहली मंजिल चावडी बाज़ार _bदिल्ली _e110006 |
||
| 300 |
_a199 पृ; _c23 सेमी (सजिल्द) |
||
| 700 |
_963915 _a रवीन्द्र कुमार |
||
| 942 |
_adpl _cHN _2ddc _h500 _mओझाडी |
||
| 999 |
_c201889 _d201889 |
||